000 00330nam a2200133Ia 4500
008 231129s1995||||xx |||||||||||||| ||spa||
040 _bspa
082 _a616.6 F634u
100 _aFlórez Silva Férez
245 0 _aUrologí­a
260 _c1995
264 _aCorporación para investigaciones biológicas
942 _2ddc
_cBKS
999 _c26078
_d26078